000 00616nam a22002057a 4500
003 OSt
005 20220531084002.0
008 201005b 2014 d 00| 0 spa d
040 _aDO-SdBNP
_bspa
_cBNPHU
100 _aCedano, Mario J.
_924694
245 1 0 _aAlfa y Omega /
_b
_cMario J. Cedano
250 _a2a. ed.
260 _aSanto Domingo :
_bGraphc,
_c2014
300 _a67 p. ;
_c22 cm.
500 _aMario Jj. Cedano (primer poeta ciego de América), (El Homero de hoy )
500 _aMario J. Cedano, anclado como el vidente literario
590 _aInventariado, 2020/VM
942 _2ddc
_cLF1
956 _aVMateo
999 _c48815
_d48815